| 000 | 00681nam a2200205 b 4500 | ||
|---|---|---|---|
| 001 | bimo0000294284 | ||
| 003 | OSt | ||
| 005 | 20150204075329.0 | ||
| 008 | 921013s1989 sp | |||| ||spa d | ||
| 020 | _a84-7118-620-9 | ||
| 040 | _cBMC | ||
| 082 | _a980.0102 | ||
| 100 | 1 |
_aLummis, Charles F. _d1859-1928 _931153 |
|
| 245 | 1 | 4 |
_aLos exploradores españoles del siglo XVI _cCharles F. Lummis ; [traducción, Arturo Cuyás] |
| 260 |
_aMadrid _bPalabra _cD.L. 1989 |
||
| 300 |
_a228 p. _c19 cm |
||
| 651 | 4 |
_aAmérica española _xHistoria _y1492-1600 (Descubrimiento y conquista) _928565 |
|
| 700 | 1 |
_931152 _aCuyás Armengol, Arturo _d1845-1925 |
|
| 942 |
_2ddc _cBK _hahoj |
||
| 999 |
_c18114 _d18114 |
||